01338nam a22001937a 450000500170000000800410001702000180005805000150007610000220009124501150011325000120022826000320024030000390027250507460031170000240105770000240108170000200110570000190112520210414113953.0120601t xxu||||| |||| 00| 0 eng d a9780073526782 aHF5636.F86 aEdmond, Thomas P. aFundamental financial accounting concepts. /cThomas P. Edmonds, Cindy D. Edmonds, Frances M. McNair...[et al] a6th ed. aBoston:bMcGra-Hill,c2008. axxxvii, 761 p. :bill. ;c28.3 cm. aContents: An Introduction to accounting -- Accounting accruals -- Accounting from deferrals -- The Double-entry accounting system -- Accounting for inventories -- Internal control and accounting for cash -- Accounting for receivables and payables -- Accounting for long-term operational assets -- Accounting for long term debt -- Accounting for equity transactions -- Statement of cash flows -- Online financial statement analysis -- Appendix A: Accessing the EDGAR database through the internet -- Appendix B: Annual report for the troop company. inc -- Appendix C: Summary of financial ratios -- Appendix D: Annual report and financial statement analysis projects -- Appendix E: Accounting for investment securities -- Time value of money. aEdmonds, Cindy D.  aMcNair, Frances M.  aMilam, Edward E aOlds, Philip R